| Tag |
First Indicator |
Second Indicator |
Subfields |
| LEADER |
00000cam a2200000Ia 4500 |
| 001 |
in00002458721 |
| 005 |
20210727085454.0 |
| 006 |
m d |
| 007 |
cr cn||||||||| |
| 008 |
081117s2008 gw a sb 101 0 eng d |
| 020 |
|
|
|a 3540794565
|
| 020 |
|
|
|a 9783540794561
|
| 035 |
|
|
|a (OCoLC)272306823
|
| 035 |
|
|
|a (OCoLC)ocn272306823
|
| 035 |
|
|
|a 3074203
|
| 037 |
|
|
|a 978-3-540-79455-4
|b Springer
|n http://www.springerlink.com
|
| 040 |
|
|
|a GW5XE
|b eng
|c GW5XE
|d UtOrBLW
|
| 049 |
|
|
|a TEFA
|
| 050 |
1 |
4 |
|a QA241
|b .A432 2008eb
|
| 082 |
0 |
4 |
|a 512
|2 22
|
| 111 |
2 |
|
|a ANTS (Symposium : Algorithmic number theory)
|n (8th :
|d 2008 :
|c Banff, Canada)
|
| 245 |
1 |
0 |
|a Algorithmic number theory :
|b 8th international symposium, ANTS-VIII, Banff, Canada, May 17-22, 2008 : proceedings /
|c Alfred J. van der Poorten, Andreas Stein (eds.).
|
| 246 |
3 |
0 |
|a ANTS-VIII
|
| 264 |
|
1 |
|a Berlin ;
|a New York :
|b Springer,
|c [2008]
|
| 264 |
|
4 |
|c ©2008
|
| 300 |
|
|
|a ix, 453 pages, 1 unnumbered page :
|b illustrations ;
|c 24 cm.
|
| 336 |
|
|
|a text
|b txt
|2 rdacontent
|
| 337 |
|
|
|a computer
|b c
|2 rdamedia
|
| 338 |
|
|
|a online resource
|b cr
|2 rdacarrier
|
| 490 |
1 |
|
|a LNCS sublibrary. SL 1, Theoretical computer science and general issues
|
| 490 |
1 |
|
|a Lecture notes in computer science,
|x 0302-9743 ;
|v 5011
|
| 500 |
|
|
|a Electronic resource.
|
| 504 |
|
|
|a Includes bibliographical references and author index.
|
| 505 |
0 |
|
|a Invited papers -- Elliptic curves, cryptology and generalizations -- Arithmetic of elliptic curves -- Integer factorization -- K3 surfaces -- Number fields -- Point counting -- Arithmetic of function fields -- Modular forms -- Cryptography -- Number theory.
|
| 533 |
|
|
|a Electronic reproduction.
|b New York :
|c Springer,
|d 2008.
|n Mode of access: World Wide Web.
|n System requirements: Web browser.
|n Title from title screen (viewed on Nov. 10, 2008).
|n Access may be restricted to users at subscribing institutions.
|
| 650 |
|
0 |
|a Algorithms
|v Congresses.
|0 http://id.loc.gov/authorities/subjects/sh2007100991
|
| 650 |
|
0 |
|a Number theory
|v Congresses.
|0 http://id.loc.gov/authorities/subjects/sh2008108511
|
| 655 |
|
7 |
|a Electronic books.
|2 local
|
| 700 |
1 |
|
|a Stein, Andreas,
|d 1965-
|0 http://id.loc.gov/authorities/names/n2004002632
|
| 700 |
1 |
|
|a Van Der Poorten, A. J.
|0 http://id.loc.gov/authorities/names/n85212017
|
| 710 |
2 |
|
|a SpringerLink (Online service)
|0 http://id.loc.gov/authorities/names/no2005046756
|
| 776 |
1 |
|
|c Original
|z 9783540794554
|z 3540794557
|w (DLC) 2008925108
|w (OCoLC)227032521
|
| 830 |
|
0 |
|a LNCS sublibrary.
|n SL 1,
|p Theoretical computer science and general issues.
|0 http://id.loc.gov/authorities/names/no2007042902
|
| 830 |
|
0 |
|a Lecture notes in computer science.
|x 0302-9743 ;
|v 5011.
|0 http://id.loc.gov/authorities/names/n42015162
|
| 856 |
4 |
0 |
|u http://proxy.library.tamu.edu/login?url=https://dx.doi.org/10.1007/978-3-540-79456-1
|z Connect to the full text of this electronic book
|t 0
|
| 994 |
|
|
|a C0
|b TEF
|
| 999 |
|
|
|a MARS
|
| 999 |
f |
f |
|s def5e40c-579d-3a19-9adf-785f30b05000
|i d5fc7618-833f-30ea-b74b-153925b1a809
|t 0
|
| 952 |
f |
f |
|a Texas A&M University
|b College Station
|c Electronic Resources
|d Available Online
|t 0
|e QA241 .A432 2008eb
|h Library of Congress classification
|
| 998 |
f |
f |
|a QA241 .A432 2008eb
|t 0
|l Available Online
|